000 00701nam a2200241Ia 4500
003 OSt
005 20220918175853.0
006 a|||||r|||| 00| 0
007 ta
008 220917b |||||||| |||| 00| 0 eng d
024 _a19,333
037 _cTextual
040 _aARTS
_cARTS
_beng
041 _2eng
_aeng
082 _aO111,1K08,1:g, L01
100 _aRoss Malcolm Mackenzie
_954850
245 0 _aMilton's royalism
_b a study of the conflict of symbol and idea in the poems
260 _c1970
490 _aCornell studies in English; 35
650 _aENGLISH LITERATURE
942 _hO111,1K08,1:g, L01
_cTEXL
_2CC
999 _c159304
_d159304